000 01804nam a2200409 c 4500
003 BLK
005 20240826094035.0
008 180408b bul|||||r ||||||| ||bul||
010 _aKNG00084488000
020 _a978-83-60395-23-3
_bиздат.: Mediasat Poland Sp.
040 _aBLK
041 _aBUL
_cBUL
080 _aМузиканти-творци, композитори
_b78.071.1
_x(437.1)(092)
_z78.071.1(437.1)(092)
080 _aЧешки композитор
_b929 Дворжак, Антонин Леополд
_x
_z929 Дворжак, Антонин Леополд
100 1 _aВишньос, Йоана
_eпърви автор
_948499
700 1 _aМитев, Милен Гочев
_eпрев.
_9298399
700 1 _aКаранлъков, Лъчезар Тодоров
_d1943-2022
_eред.
_976810
139 _aВишньос, Йоана
_bД 29
245 1 0 _aАнтонин Дворжак
_cЙоана Вишньос; прев. Милен Гочев Митев; ред. Лъчезар Каранлъков.
257 _aCHE
260 Краков
_bMediasat Poland Sp.
_c2008
_fОтпеч. в ЕС
300 _a43 с.
_bс ил.
_c13Х14 см
_eCD
380 _a7
490 1 _aШедьоври на класиката
_v23
500 _aКн. е с CD 1774
600 1 4 _aДворжак, Антонин
_d1841 - 1904
_qДворжак, Антонин Леополд
_959121
650 4 _aКомпозитори, чешки
_9266373
651 4 _aЧехия
_9179785
653 _aкомпозитори
653 _aАнтонин Дворжак
852 _aЦб І 33051
856 4 _qpdf
_u
856 4 _qpdf
_u
942 _cKNG
_n0
944 _aCR
_c16.07.2008
_k30560
_lГеновева Генчева
944 _aED
_c08.01.2018
_kИрена_Линкова
999 _c80004
_d80004